Complete book of model business letters
| Main Author: | |
|---|---|
| Format: | Book |
| Published: |
New York :
Parker Publishing Company,Inc. ,
1976
|
| Subjects: |
MARC
| LEADER | 00000cam a2200000 7i4500 | ||
|---|---|---|---|
| 001 | 0000008622 | ||
| 002 | 000009398 | ||
| 005 | 20000330.0 | ||
| 020 | |a 0131574124 | ||
| 090 | 0 | 0 | |a 651.75 |b CRE |
| 100 | 1 | |a Cresci, Martha W | |
| 245 | 1 | 0 | |a Complete book of model business letters |c Martha W.Cresci |
| 260 | |a New York : |b Parker Publishing Company,Inc. , |c 1976 | ||
| 300 | |a 298 p. ; |c 21 cm. | ||
| 650 | 0 | 0 | |a Comercial correspondence |
| 650 | 0 | 0 | |a English language |x Business English |
| 999 | |a 017391 |b BUKU |c PINJAMAN |e PERPUSTAKAAN KOMUNITI PETALING JAYA | ||